000 00870 a2200193 4500
003 NUST
005 20251113133452.0
040 _cNust
082 _a621.382,RAS
100 _aRasheed , NC Aamer Muhammad (TCC-14)
_9131879
245 _aImplementation of real-time smart antenna system /
_cNC Muhammad Aamer Rasheed, NC Shafqat Ullah Momin, NC Shakeel Khan and NC Usman Babar.
260 _aRawalpindi
_bMCS (NUST)
_c2006
300 _a79 p.;
505 _aIntroduction (Page-4), Code Division Multiple Access (CDMA) (Page-7), Antenna Arrays and Beamforming (Page-17), Beamforming Algorithms (Page-30), Multi-Target Dispreads Respreads Algorithms (Page-41), Simulation Results & Analysis (Page-51), Implementation (Page-71).
650 _aUG Projects
_998716
651 _aTCC-14
700 _aSupervised by Wing Cdr (R) Muhammd Asghar
_9131880
942 _cPR
_2ddc
999 _c183528
_d183528